[Event "Challenge"]
[Site "http://www.queenalice.com/game.php?id=740152"]
[Date "2010.3.3"]
[Round "-"]
[White "MHRangel"]
[Black "andrebardo"]
[Result "1-0"]
[WhiteElo "1802"]
[BlackElo "1950"]

1. d4 d5 2. c4 e6 3. a3 Nf6 4. Nc3 c5 5. Nf3 Nc6 6. Bg5 Be7 7. e3 Qa5 8. Qd2 a6
9. cxd5 Nxd5 10. Nxd5 Qxd2+ 11. Kxd2 exd5 12. Bxe7 Nxe7 13. dxc5 O-O 14. b4 Bd7
15. h4 Ba4 16. Bd3 f6 17. e4 Rfd8 18. e5 f5 19. e6 h6 20. Rhe1 Rab8 21. Re2 b6
22. Rc1 b5 23. c6 Rd6 24. c7 Rc8 25. Nd4 g6 26. g3 h5 27. f4 Kg7 28. Bxf5 gxf5
29. Nxf5+ Nxf5 30. e7 Nxe7 31. Rxe7+ Kf8 32. Rh7 Kg8 33. Rxh5 Bb3 34. Rc5 Bc4
35. f5 Rd7 36. f6 Rcxc7 37. Rxc7 Rxc7 38. g4 d4 39. g5 Bf1 40. g6 Rc8 41. Rf5
Bc4 42. h5 Bf7 43. gxf7+ Kxf7 44. Kd3 Rc3+ 45. Kxd4 Rxa3 46. Kc5 Rh3 47. Kb6 Ke6
48. f7 1-0

[Event "Challenge"]
[Site "http://www.queenalice.com/game.php?id=742071"]
[Date "2010.3.6"]
[Round "-"]
[White "andrebardo"]
[Black "Nyvang"]
[Result "1-0"]
[WhiteElo "1955"]
[BlackElo "1850"]

1. e4 g6 2. d4 b6 3. c3 Bb7 4. Nd2 Bg7 5. Bc4 e5 6. Ngf3 d6 7. Qb3 Nh6 8. O-O
O-O 9. Re1 c6 10. Nf1 b5 11. Ng5 d5 12. exd5 Qd7 13. dxc6 Bxc6 14. Be2 exd4 15.
cxd4 Bxd4 16. Nf3 Bb6 17. Bxh6 Rd8 18. Rad1 Qb7 19. Qc3 f5 20. Qf6 Na6 21. Bxb5
Bxf2+ 22. Kxf2 Qb6+ 23. Nd4 Rd7 24. Bxc6 Rf7 25. Qe6 Nc7 26. Qc4 g5 27. Re7 1-0

[Event "Challenge"]
[Site "http://www.queenalice.com/game.php?id=746721"]
[Date "2010.3.15"]
[Round "-"]
[White "andrebardo"]
[Black "Nyvang"]
[Result "0-1"]
[WhiteElo "1975"]
[BlackElo "1885"]

1. e4 e5 2. f4 Bc5 3. Nf3 exf4 4. d4 Bb6 5. Bxf4 h6 6. Bc4 d6 7. O-O a6 8. Be3
Nc6 9. c3 Nf6 10. Bd3 O-O 11. Qd2 Ng4 12. Bf4 Ba7 13. h3 Nf6 14. e5 dxe5 15.
Nxe5 Ne7 16. Bc4 Ned5 17. Bxh6 Ne4 18. Qd3 Qh4 19. Bxd5 c5 20. Bxe4 Qxh6 21. Bd5
Be6 22. Bxb7 Rad8 23. Nc6 Rd7 24. Bxa6 Bb6 25. Nd2 cxd4 26. c4 g6 27. Ne5 Rd6
28. Ne4 Bf5 29. Rxf5 gxf5 30. Ng5 Qxg5 31. Rf1 f4 32. Re1 Re8 33. Qe4 d3+ 34.
Kh1 d2 35. Rd1 Rxe5 36. Qa8+ Kg7 0-1

[Event "Challenge"]
[Site "http://www.queenalice.com/game.php?id=748933"]
[Date "2010.3.20"]
[Round "-"]
[White "Nyvang"]
[Black "andrebardo"]
[Result "0-1"]
[WhiteElo "1905"]
[BlackElo "1948"]

1. d4 d5 2. Nc3 e6 3. a3 Nf6 4. Bf4 c5 5. h3 Nc6 6. e3 a6 7. Nf3 Bd6 8. Bxd6
Qxd6 9. Na4 cxd4 10. Nxd4 Bd7 11. Bd3 e5 12. Nf5 Bxf5 13. Bxf5 O-O 14. c4 d4 15.
c5 Qc7 16. O-O Rfd8 17. exd4 Rxd4 18. Qc2 Rad8 19. Rfd1 g6 20. Bd3 Rh4 21. Nb6
e4 22. Bc4 Ng4 23. Qxe4 Qh2+ 24. Kf1 Qb8 25. Rxd8+ Qxd8 26. Qd5 Qf6 27. Re1
Qxf2# 0-1

[Event "Challenge"]
[Site "http://www.queenalice.com/game.php?id=750669"]
[Date "2010.3.23"]
[Round "-"]
[White "marechaldoar"]
[Black "andrebardo"]
[Result "1-0"]
[WhiteElo "2031"]
[BlackElo "1967"]

1. e4 e5 2. f4 d5 3. exd5 Qxd5 4. Nc3 Qe6 5. fxe5 Nc6 6. d4 Bb4 7. Be2 Nf6 8.
exf6 Qxf6 9. Nf3 O-O 10. O-O Bd6 11. Bg5 Qe6 12. d5 Qg6 13. dxc6 Bg4 14. Bd2
Rad8 15. cxb7 Be7 16. Ne5 Qb6+ 17. Kh1 Bd7 18. Nd5 1-0

[Event "AC/DC"]
[Site "http://www.queenalice.com/game.php?id=755091"]
[Date "2010.4.2"]
[Round "-"]
[White "bobifixer"]
[Black "andrebardo"]
[Result "0-1"]
[WhiteElo "1886"]
[BlackElo "1897"]

1. d4 d5 2. Nf3 Nc6 3. g3 Bf5 4. c3 Nf6 5. Bg2 Ng4 6. O-O e6 7. Bg5 f6 8. Bc1 e5
9. dxe5 fxe5 10. Nh4 Be6 11. e4 d4 12. cxd4 Nxd4 13. Nc3 Be7 14. Nf5 Nxf5 15.
exf5 Bxf5 16. Qxd8+ Rxd8 17. Bxb7 O-O 18. h3 Nf6 19. Bg2 Bc5 20. Bg5 Rd3 21.
Bxf6 Rxf6 22. Be4 Rxg3+ 23. Bg2 Bxh3 24. Kh2 Rxg2+ 25. Kxh3 Rgxf2 26. Rxf2 Rxf2
27. Ne4 Rc2 28. b3 Bd4 29. Rd1 Rxa2 30. Rc1 Bb6 31. Rb1 Kf7 32. Ng5+ Kg6 33. Ne6
e4 34. Re1 e3 35. Nf4+ Kf5 36. Nd5 Rb2 37. Nxb6 cxb6 38. Rxe3 h6 39. Re7 Rxb3+
40. Kg2 Kg6 41. Rxa7 Kf6 42. Rd7 b5 43. Rb7 g5 44. Rb8 h5 45. Rf8+ Kg6 46. Rg8+
Kf5 47. Rf8+ Kg4 48. Rd8 Rb2+ 49. Kf1 Kh4 0-1

[Event "Challenge"]
[Site "http://www.queenalice.com/game.php?id=757989"]
[Date "2010.4.8"]
[Round "-"]
[White "andrebardo"]
[Black "DTG"]
[Result "1-0"]
[WhiteElo "1922"]
[BlackElo "1987"]

1. e4 e5 2. f4 exf4 3. Nf3 d6 4. d4 Bg4 5. Be2 Nf6 6. Nc3 Nc6 7. Bxf4 Be7 8. O-O
O-O 9. Qd3 Re8 10. e5 Nh5 11. Be3 g6 12. a3 Ng7 13. Nd5 Bf8 14. Nf6+ Kh8 15. Ng5
Bf5 16. Nxf7# 1-0

[Event "Challenge"]
[Site "http://www.queenalice.com/game.php?id=757990"]
[Date "2010.4.8"]
[Round "-"]
[White "andrebardo"]
[Black "Nyvang"]
[Result "0-1"]
[WhiteElo "1942"]
[BlackElo "1886"]

1. e4 g6 2. d4 b6 3. Nc3 Bg7 4. Be3 Bb7 5. Qd2 d5 6. f3 e5 7. O-O-O Ne7 8. Bb5+
c6 9. Ba4 O-O 10. f4 exf4 11. Bxf4 a5 12. exd5 b5 13. dxc6 Bxc6 14. Bxb5 Nf5 15.
Bxc6 Nxc6 16. d5 Nb4 17. Kb1 Bxc3 18. Qxc3 Nxd5 19. Qf3 Nc3+ 20. bxc3 Qb6+ 21.
Kc1 a4 22. c4 Ra7 23. Rd5 Qb4 24. Rxf5 Rb7 25. Rb5 Rxb5 26. cxb5 Qxb5 27. Nh3
Rc8 28. Bh6 Qc5 29. Qd3 Qh5 30. Bd2 Qe5 31. c3 Qe6 32. Qc2 Qc6 33. Nf4 a3 34.
Rf1 Qb5 35. Rf3 Qc5 36. Ne2 Rb8 37. Qd3 Qe7 38. Bh6 Qh4 39. Qd2 Qxh2 40. Bf4
Qh1+ 41. Qd1 Rb1+ 42. Kxb1 Qxd1+ 43. Nc1 Qg1 44. g3 Qg2 0-1

[Event "Challenge"]
[Site "http://www.queenalice.com/game.php?id=759125"]
[Date "2010.4.10"]
[Round "-"]
[White "Pero"]
[Black "andrebardo"]
[Result "1-0"]
[WhiteElo "1974"]
[BlackElo "1898"]

1. e4 e5 2. Nf3 Nc6 3. Nc3 Nf6 4. Bc4 Bc5 5. d3 d6 6. O-O h6 7. Re1 O-O 8. a3
Ng4 9. Be3 Nxe3 10. fxe3 Bg4 11. h3 Bh5 12. g4 Bg6 13. d4 exd4 14. exd4 Bb6 15.
Nd5 Re8 16. Nxb6 axb6 17. Bd5 Qf6 18. Rf1 Bxe4 19. Ne5 Qh4 20. Bxf7+ Kh8 21. Qe1
Qxh3 22. Qxe4 Rxe5 23. dxe5 Nxe5 24. g5 Ra4 25. b4 c5 26. Be6 Qg3+ 27. Kh1 Ra8
28. gxh6 gxh6 29. bxc5 bxc5 30. Rab1 Qg5 31. Rxb7 Qh5+ 32. Kg1 Qg5+ 33. Qg2 Qe3+
34. Kh1 1-0

[Event "Challenge"]
[Site "http://www.queenalice.com/game.php?id=762514"]
[Date "2010.4.17"]
[Round "-"]
[White "Rudolf"]
[Black "andrebardo"]
[Result "1-0"]
[WhiteElo "2202"]
[BlackElo "1898"]

1. e4 e5 2. Nf3 Nc6 3. Bb5 a6 4. Ba4 b5 5. Bb3 Nf6 6. d4 d6 7. Ng5 d5 8. dxe5
Nxe4 9. Nxe4 dxe4 10. Bd5 Bb7 11. O-O Bb4 12. c3 Bc5 13. Bxe4 O-O 14. Nd2 Rb8
15. Nf3 Qe7 16. b4 Bb6 17. Re1 Rfe8 18. Qc2 h6 19. Be3 Nxe5 20. Bxb7 Nxf3+ 21.
Bxf3 Rbd8 22. Bc6 Rf8 23. Bxb6 Qf6 24. Bc5 Qxc6 25. Bxf8 Rxf8 26. Rad1 Qc4 27.
Rd7 Ra8 28. Ree7 Rf8 29. g3 c6 30. Rd4 1-0

[Event "Challenge"]
[Site "http://www.queenalice.com/game.php?id=764177"]
[Date "2010.4.21"]
[Round "-"]
[White "andrebardo"]
[Black "aknightout"]
[Result "0-1"]
[WhiteElo "1923"]
[BlackElo "1695"]

1. e4 e5 2. f4 exf4 3. Nf3 d6 4. d4 g5 5. Bc4 g4 6. O-O gxf3 7. Qxf3 Qf6 8. c3
Nh6 9. Bxf4 Bg4 10. Qg3 Be6 11. Bd3 Rg8 12. Qe3 Ng4 13. Qd2 Qh4 14. Bg3 Qh6 15.
Qf2 Nxf2 0-1

[Event "Challenge"]
[Site "http://www.queenalice.com/game.php?id=768218"]
[Date "2010.4.29"]
[Round "-"]
[White "andrebardo"]
[Black "ljkhalil"]
[Result "1/2-1/2"]
[WhiteElo "1924"]
[BlackElo "2040"]

1. e4 Nc6 2. d4 d5 3. exd5 Qxd5 4. Be3 Bf5 5. Nc3 Qa5 6. Nf3 Qb4 7. Rb1 a6 8.
Be2 e6 9. a3 Qd6 10. O-O Nf6 11. Ne5 Nxe5 12. dxe5 Qxe5 13. Re1 Bd6 14. g3 Nd5
15. Bd2 Nxc3 16. Bxc3 Qc5 17. Bxg7 Bxc2 18. Bd4 Bxd1 19. Bxc5 Bxc5 20. Rexd1 O-O
21. Rbc1 Bb6 22. Rc4 Rad8 23. Rh4 Rxd1+ 24. Bxd1 f5 25. Bf3 Rb8 26. Rh6 Bd4 27.
Rxe6 Bxb2 28. Re7 Bxa3 29. Rxc7 b6 30. Bd5+ Kh8 31. Rf7 Rf8 32. Rb7 Bc5 33. Bc4
a5 34. Bb5 f4 35. g4 Rg8 36. h3 Bd4 37. Kg2 Rg7 38. Rxg7 Kxg7 39. Kf3 Kf6 40.
Kxf4 Bxf2 41. g5+ Kg6 42. Kg4 h6 43. Be8+ Kg7 44. h4 hxg5 45. hxg5 Kf8 46. Bb5
Ke7 47. Kf5 Kd6 48. g6 Bd4 49. Ke4 Kc5 50. Be8 Bg7 51. Kd3 Kb4 52. Kc2 a4 53.
Kb1 b5 54. Ka2 Ka5 55. Bf7 Kb4 56. Be6 Bf8 57. Bf7 Bg7 1/2-1/2

[Event "Challenge"]
[Site "http://www.queenalice.com/game.php?id=768506"]
[Date "2010.4.30"]
[Round "-"]
[White "Samelo"]
[Black "andrebardo"]
[Result "0-1"]
[WhiteElo "1750"]
[BlackElo "1898"]

1. d4 d5 2. Nf3 Nf6 3. Bg5 Ne4 4. e3 Bg4 5. Be2 Bxf3 6. Bxf3 Nxg5 7. Nd2 e6 8.
O-O Bd6 9. h3 Qf6 10. c4 Qf5 11. c5 Be7 12. b4 a6 13. a4 Nc6 14. b5 Nb4 15. Qe2
b6 16. c6 Bd6 17. h4 Nxf3+ 18. Qxf3 Qxf3 19. Nxf3 O-O 20. Ne5 Bxe5 21. dxe5 Nd3
22. f4 Nb4 23. Rab1 Nc2 24. Rb3 d4 25. exd4 Nxd4 26. Rd3 Rad8 27. Rfd1 Ne2+ 28.
Kf1 Rxd3 29. Rxd3 Nxf4 30. Rd7 Nd5 31. Ke2 g6 32. bxa6 Ra8 33. a7 Rxa7 0-1

[Event "Challenge"]
[Site "http://www.queenalice.com/game.php?id=769564"]
[Date "2010.5.2"]
[Round "-"]
[White "andrebardo"]
[Black "DTG"]
[Result "0-1"]
[WhiteElo "1927"]
[BlackElo "1978"]

1. e4 e5 2. f4 exf4 3. Nf3 Be7 4. d4 Bh4+ 5. g3 fxg3 6. Bg2 gxh2+ 7. Ke2 Bg3 8.
Qd3 d6 9. Bg5 f6 10. Be3 Ne7 11. Qb3 b6 12. Nxh2 Ba6+ 13. Kf3 Bxh2 14. Rxh2 Nbc6
15. Bh3 Na5 16. Qa4+ c6 17. Be6 Bb5 18. Qb4 Ba6 19. Rg2 Ng6 20. Bf2 Qe7 21. d5
Nc4 22. Bg3 Nce5+ 23. Kf2 Bb7 24. Qb3 Nf8 25. Bf5 g6 26. Bh3 h5 27. Nc3 Ng4+ 28.
Ke1 Nd7 29. Rd1 Ne3 30. dxc6 Bxc6 31. Nd5 Nxg2+ 32. Bxg2 Bxd5 33. Qxd5 Rc8 34.
Bxd6 Qf7 35. Qb7 Rd8 36. Qxa7 Qe6 37. Qa4 Kf7 38. Bc7 Nc5 39. Qb5 Rxd1+ 40. Kxd1
Qd7+ 41. Qxd7+ Nxd7 42. Bh3 Ke7 43. Kd2 g5 44. Ke3 g4 45. Bf1 h4 46. Kf4 Rg8 47.
b4 g3 48. Bg2 b5 49. Kf3 Ne5+ 50. Kf4 Nc6 51. c3 Nd8 52. Kf3 Ne6 53. Bb6 Ng5+
54. Ke3 h3 0-1

[Event "Challenge"]
[Site "http://www.queenalice.com/game.php?id=771343"]
[Date "2010.5.6"]
[Round "-"]
[White "Nyvang"]
[Black "andrebardo"]
[Result "0-1"]
[WhiteElo "1877"]
[BlackElo "1908"]

1. d4 d5 2. Nc3 Nf6 3. Nf3 g6 4. h3 Bg7 5. Bf4 a6 6. e3 c6 7. b4 Qb6 8. a3 a5 9.
Na4 Qd8 10. b5 O-O 11. c4 b6 12. c5 Ne4 13. Nxb6 Bb7 14. Nxa8 Bxa8 15. b6 Bb7
16. Qa4 Nd7 17. Qxa5 Ndxc5 18. Rb1 Qd7 19. Ne5 Qf5 20. Bd3 Bxe5 21. Qxc5 Bd6 22.
Qc1 Ra8 23. Rb3 Qe6 24. O-O c5 25. dxc5 Nxc5 26. Rc3 Nxd3 27. Rxd3 Bxf4 28. exf4
Qxb6 29. Qb1 Qa7 30. Rc1 d4 31. a4 Be4 0-1

[Event "Challenge"]
[Site "http://www.queenalice.com/game.php?id=771454"]
[Date "2010.5.6"]
[Round "-"]
[White "andrebardo"]
[Black "aknightout"]
[Result "0-1"]
[WhiteElo "1913"]
[BlackElo "1937"]

1. e4 e5 2. f4 exf4 3. Nf3 d6 4. d4 g5 5. Bc4 g4 6. O-O gxf3 7. Qxf3 Bh6 8. Bxf4
Qf6 9. Qe3 Be6 10. e5 Bxf4 11. Rxf4 Qe7 12. exd6 cxd6 13. Re4 Nf6 14. Bb5+ Nbd7
15. Rf4 Nd5 16. Bxd7+ Kxd7 17. Qf3 Nxf4 18. Qxb7+ Ke8 19. Qxa8+ Qd8 20. Qe4 Qg5
21. Nc3 Nh3+ 22. Kf1 Qf4+ 23. Qxf4 Nxf4 24. Re1 Kd7 25. a3 Rg8 26. g3 Nd5 27.
Ne4 Bf5 28. c4 Bxe4 29. Rxe4 Ne7 30. b4 a6 31. Ke2 f5 32. Rh4 Rg7 33. Kd3 Ng8
34. Rf4 Nh6 35. a4 Ke6 36. Rf3 Ng8 37. Re3+ Kd7 38. d5 Re7 39. Rf3 Nh6 40. h3
Re1 41. Kc3 Ke7 42. Rd3 Nf7 43. Rf3 Re5 44. Kd4 Ng5 45. Rf4 Nxh3 46. Rh4 Ng5 47.
Rh6 Re4+ 48. Kd3 Rg4 49. c5 Rxg3+ 50. Kc2 dxc5 51. d6+ Kd7 52. bxc5 f4 53. Kd2
Ne4+ 54. Ke2 Re3+ 55. Kf1 Nxc5 56. Rxh7+ Kxd6 57. Ra7 Ra3 58. Kf2 Rxa4 0-1

[Event "Challenge"]
[Site "http://www.queenalice.com/game.php?id=771460"]
[Date "2010.5.6"]
[Round "-"]
[White "andrebardo"]
[Black "aknightout"]
[Result "0-1"]
[WhiteElo "1923"]
[BlackElo "1940"]

1. e4 e5 2. Nf3 Nc6 3. Bc4 Be7 4. Nc3 Nf6 5. O-O O-O 6. a3 a6 7. d3 d6 8. Bd2
Bg4 9. h3 Be6 10. Bxe6 fxe6 11. Ne2 Nh5 12. Nh2 Bg5 13. Nf3 Nf4 14. Ng3 Nd4 15.
c3 Nxh3+ 16. Kh2 Nxf3+ 17. gxf3 Bxd2 18. Kxh3 Qg5 19. Rg1 Rf4 20. Kg2 Rh4 21.
Kf1 Qf4 22. Qb3 d5 23. exd5 Qxf3 24. dxe6 Rh2 25. e7+ Kh8 26. Ne4 Qxd3# 0-1

[Event "Challenge"]
[Site "http://www.queenalice.com/game.php?id=777745"]
[Date "2010.5.19"]
[Round "-"]
[White "Nyvang"]
[Black "andrebardo"]
[Result "0-1"]
[WhiteElo "1901"]
[BlackElo "1908"]

1. d4 d5 2. Nc3 Nc6 3. Bf4 a6 4. e4 dxe4 5. Nxe4 Nxd4 6. c3 Bf5 7. Bd3 Nc6 8.
Nf3 e6 9. O-O Be7 10. h3 Nf6 11. Nxf6+ Bxf6 12. Bxf5 exf5 13. Re1+ Ne7 14. Qa4+
c6 15. Rad1 Qc8 16. Bd6 b5 17. Qb4 Ra7 18. Rd3 a5 19. Qb3 O-O 20. Be5 Bxe5 21.
Nxe5 Nd5 22. Qd1 Re7 23. f4 Nxf4 24. Rd6 Rc7 25. Rf1 Nd5 26. c4 Ne3 27. Rxc6
Nxd1 0-1

[Event "Challenge"]
[Site "http://www.queenalice.com/game.php?id=777746"]
[Date "2010.5.19"]
[Round "-"]
[White "andrebardo"]
[Black "Nyvang"]
[Result "1/2-1/2"]
[WhiteElo "1929"]
[BlackElo "1875"]

1. e4 g6 2. d4 b6 3. Bc4 e6 4. Nf3 d5 5. Bd3 Bg7 6. Bg5 Ne7 7. c4 Bb7 8. Nc3 c5
9. cxd5 exd5 10. Bb5+ Bc6 11. Nxd5 Bxb5 12. Nxe7 f6 13. Qb3 Qxe7 14. Qxb5+ Nd7
15. Qc6 O-O 16. Bf4 f5 17. Bd6 Qe6 18. e5 Rfc8 19. d5 Qe8 20. Qa4 Bxe5 21. Bxe5
Nxe5 22. Qxe8+ Rxe8 23. O-O-O Nxf3 24. gxf3 Rad8 25. Rd2 Rd6 26. Kc2 b5 27. Kb3
a5 28. Rc1 c4+ 29. Ka3 Rc8 30. b3 b4+ 31. Ka4 c3 32. Rd4 Rc5 33. Rc4 Rdxd5 34.
Rxc5 Rxc5 35. a3 bxa3 36. Kxa3 Kf7 37. Ka4 Ke6 38. b4 axb4 39. Kxb4 Kd5 40. Kb3
c2 41. Rxc2 Rxc2 42. Kxc2 Kd4 43. Kd2 h5 44. Ke2 h4 45. Kd2 h3 46. Ke2 g5 47.
Kd2 g4 48. fxg4 fxg4 49. Ke2 Ke4 50. Kf1 Kf3 51. Kg1 Ke2 52. Kh1 Kf1 53. f3 gxf3
1/2-1/2

[Event "Challenge"]
[Site "http://www.queenalice.com/game.php?id=784486"]
[Date "2010.6.2"]
[Round "-"]
[White "ricma"]
[Black "andrebardo"]
[Result "1-0"]
[WhiteElo "2036"]
[BlackElo "1885"]

1. Nf3 d5 2. g3 c5 3. Bg2 Nc6 4. O-O e6 5. d3 Nf6 6. Nbd2 Be7 7. Re1 O-O 8. e4
b5 9. e5 Nd7 10. h4 Qc7 11. Qe2 f6 12. exf6 Nxf6 13. c3 a6 14. Ng5 Nd8 15. Bh3
Qc6 16. Nxe6 Re8 17. Ng5 h6 18. Bxc8 Qxc8 19. Ngf3 Qh3 20. Qf1 Qg4 21. Ne5 Qf5
22. d4 Bd6 23. Ndf3 Ng4 24. Nxg4 Rxe1 25. Nxh6+ gxh6 26. Nxe1 Nf7 27. dxc5 Bxc5
28. Nd3 Bb6 29. Kh2 Qf6 30. Qe2 Bc7 31. Bd2 Qxh4+ 32. Kg2 Qf6 33. Rh1 Rf8 34.
Rh4 Kh7 35. Rg4 Nd6 36. Rf4 Nf5 37. Rg4 Bd6 38. Bf4 Be7 39. Be5 Qf7 40. Nf4 Bg5
41. Qd3 Qe7 42. Qxd5 Re8 43. Bd4 Rd8 44. Qxf5+ 1-0

[Event "Challenge"]
[Site "http://www.queenalice.com/game.php?id=786058"]
[Date "2010.6.5"]
[Round "-"]
[White "andrebardo"]
[Black "fabianoo"]
[Result "0-1"]
[WhiteElo "1913"]
[BlackElo "1922"]

1. e4 c5 2. Nf3 Nc6 3. d4 cxd4 4. Nxd4 Nf6 5. Nc3 d6 6. Be3 g6 7. Be2 Bg7 8. O-O
O-O 9. h3 Bd7 10. Nf3 a6 11. Qd2 Ne8 12. a3 Rc8 13. Nd5 Nc7 14. Bb6 Bxb2 15. Ra2
Bg7 16. Nb4 Qe8 17. Rd1 Ne5 18. Bd4 Bb5 19. Nxe5 dxe5 20. Bb6 Bxe2 21. Qxe2 Nb5
22. Nd5 e6 23. a4 Nd4 0-1